LDR 02255nam a2200457 i 4500 001 000000016922 003 CaOOAMICUS 005 20260527150423.0 008 180830m19691986it e u000 u ita u 040 $aSeMil$bita 245 10$aNuova storia universale dei popoli e delle civiltà. 246 08$aStoria universale dei popoli e delle civiltà 260 $aTorino :$bUnione Tipografico-Editrice Torinese,$c1969-1986. 300 $a21 v. in 27 tomi :$bill. ;$c25 cm. 650 4$aStoria - Enciclopedie e dizionari.$0(OLS)http://semarc/subject/141 774 0 $t[1]: Preistoria e vicino Oriente antico.$g1$w()156202 774 0 $t[2]: Il mondo antico e la Grecia arcaica.$z88-02-02774-9$g2$w()156203 774 0 $t[3]: Grecia e Persia fino al Alessandro Magno.$g3$w()156204 774 0 $t[4]: L'ellenismo e l'ascesa di Roma.$g4$w()156205 774 0 $t[5]: L'impero romano.$z88-02-02777-3$g5$w()156206 774 0 $t[6.1]: L'impero bizantino e l'islamismo.$z88-02-03576-8$w()156207 774 0 $t[6.2]: L'impero ottomano.$z88-02-03600-4$g6$w()156208 774 0 $t[7]: L'America precolombiana.$g7$w()156209 774 0 $t[8]: L'Europa medioevale.$w()16924 774 0 $t[9]: Il Rinascimento e la Riforma.$w()16926 774 0 $t[10]: Le monarchie assolute.$w()16927 774 0 $t[11]: L'epoca delle rivoluzioni.$g11$w()156252 774 0 $t[12]: Le rivoluzioni nazionali.$g12$w()156253 774 0 $t[13]: L'età contemporanea.$w()16929 774 0 $t[14]: L'Africa.$z88-02-03516-4$g14$w()156256 774 0 $t[15]: L'America latina.$g15$w()156257 774 0 $t[16]: Gli Stati Uniti.$g16$w()156258 774 0 $t[17]: La Russia.$g17$w()156259 774 0 $t[18]: La civiltà indiana.$g18$w()156260 774 0 $t[19]: La Cina.$g19$w()156261 774 0 $t[20]: Asia centrale e Giappone.$g20$w()156262 774 0 $tMondo dal 1970 a oggi.$z88-02-05216-6$gAggiornamento1997$w()100316 996 $6245$aNuova storia universale dei popoli e delle civiltà$9(OLS)http://semarc/title/22382 996 $6246$aStoria universale dei popoli e delle civiltà$9(OLS)http://semarc/title/22383 996 $6260$aTorino :$bUnione Tipografico-Editrice Torinese$9(OLS)http://semarc/publisher/29628